[Event "Mistrzostwa Polski Kobiet"]
[Site "Bogatynia"]
[Date "2009.07.26"]
[Round "8"]
[White "Toma, Katarzyna"]
[Black "Zawadzka, Jolanta"]
[Result "1-0"]
[WhiteElo "2261"]
[BlackElo "2387"]
[PlyCount "101"]
[EventDate "2009.??.??"]

1. e4 c5 2. Nf3 e6 3. d4 cxd4 4. Nxd4 Nc6 5. Nxc6 bxc6 6. Bd3 d5 7. O-O Qc7 8.
Nc3 Nf6 9. f4 Be7 10. Qe2 Bb7 11. Kh1 d4 12. Nb1 c5 13. Nd2 O-O 14. Nc4 Nd7 15.
Bd2 Rae8 16. Rf3 f5 17. Rh3 g6 18. Re1 fxe4 19. Bxe4 Bxe4 20. Qxe4 Bf6 21. Ba5
Nb6 22. Rb3 Bg7 23. g3 e5 24. Bxb6 axb6 25. fxe5 Kh8 26. e6 Rb8 27. e7 Rfe8 28.
Qe6 Rb7 29. Rxb6 Rxb6 30. Qxb6 Qxb6 31. Nxb6 Bf6 32. Nd5 Kg7 33. b3 Bg5 34. h4
Bd2 35. Re2 Ba5 36. Re6 Kf7 37. Rf6+ Kg7 38. Ra6 Bb4 39. a4 Kf7 40. Kg2 Ba3 41.
Kf3 c4 42. bxc4 Rc8 43. Rf6+ Kg7 44. Re6 Kf7 45. Re4 Bc5 46. a5 h6 47. a6 g5
48. h5 Re8 49. Kg4 Rc8 50. a7 Bxa7 51. Nc7 1-0

[Event "Mistrzostwa Polski Kobiet"]
[Site "Bogatynia"]
[Date "2009.07.27"]
[Round "9"]
[White "Jakubiec, Edyta"]
[Black "Warakomska, Anna"]
[Result "1-0"]
[WhiteElo "2217"]
[BlackElo "2193"]
[PlyCount "69"]
[EventDate "2009.??.??"]

1. e4 e5 2. f4 exf4 3. Nf3 Ne7 4. d4 d5 5. Qe2 dxe4 6. Qxe4 Nbc6 7. Bc4 Bf5 8.
Qxf4 Bg6 9. O-O Qd7 10. c3 O-O-O 11. Ng5 Nf5 12. Nxf7 Bd6 13. Qg5 Bxf7 14. Bxf7
g6 15. Bc4 Rhf8 16. Nd2 Rde8 17. Nf3 Re4 18. Bd3 h6 19. Qxg6 Nce7 20. Qh5 Ng7
21. Qh3 Qxh3 22. gxh3 Re6 23. Bd2 Nh5 24. Ne5 Rg8+ 25. Kh1 c6 26. Nf7 Bc7 27.
Rf3 Kb8 28. Raf1 Nd5 29. Nxh6 Rge8 30. Rf8 Nhf4 31. Rxe8+ Rxe8 32. Bc4 Ne3 33.
Re1 Nfg2 34. Re2 Rf8 35. Bxe3 1-0